00569nam a2200205Ia 4500008004100000041001200041082001700053100002300070245002600093365000700119520001300126546001200139630002600151650001300177655001300190730002600203942000900229999001900238952010600257101110s9999 xx 000 0 und d aMARATHI bSR13589a658 aDeshmukh Prabhakar aVyavasthapan Prakriya b50 aCommerce aMARATHI aVyavasthapan Prakriya aCommerce aCommerce aVyavasthapan Prakriya cBOOK c807792d807789 00104070aDBJbDBJc40Bd2010-11-11g50.00j5l0pDBJSR13589r2010-11-11 00:00:00w2010-11-11yBOOK